• 首页
  • 本馆介绍
  • 公告通知
  • 最新文献
  • 馆藏检索
  • 电子资源
  • 读者导购
  • 参考咨询
  • 我的图书馆
  • 登录
  • 详细信息显示
  • 放入我的书架
  • 预约/预借图书
  • 作者相关作品
  • 分类相关作品
  • 丛书相关作品
  • 出版社相关作品

书目信息

  • 表格格式
  • 工作单格式
  • 卡片格式
题名:
民事诉讼法基本知识
    
 
作者: 唐德华 编著
分册:  
出版信息: 北京   法律出版社  1981.04
页数: 259页
开本: 19cm
丛书名:
单 册:
中图分类: D925.104 , D925.1
科图分类:
主题词: 民事诉讼法--基本知识--中国 , 法律--中国
电子资源:
ISBN:
000 00640nam0 2200229 45
001 0183012637
005 20060801083930.84
010    @dCNY0.63
100    @a19960315d1981 em y0chiy0121 ea
101 0  @achi
102    @aCN@b110000
105    @ay z 000yy
200 10 @a民事诉讼法基本知识@Amin shi su song fa ji ben zhi shi@e常用概念释义@f唐德华等编著
210    @a北京@c法律出版社@d1981.04
215    @a259页@d19cm
606    @a民事诉讼法@x基本知识@y中国
606 0  @a法律@x中国
690    @aD925.104@v3
690    @aD925.1
701  0 @a唐德华@Atang de hua@4编著
801  0 @aCN@bNLC@c20060801
905    @f2@b149871-872@dD925.1@e66
    
    民事诉讼法基本知识:常用概念释义/唐德华等编著.-北京:法律出版社,1981.04
    259页;19cm
    
    
    ISBN :CNY0.63
    
●
相关链接 在E读中查询图书 在五车中查询图书 在当当中查询图书 在豆瓣中查询图书


正题名:民事诉讼法基本知识     索取号:D925.1/66         预约/预借

序号 登录号 条形码 馆藏地/架位号 状态 备注
1 0149871   001254993   第一借阅区/ [索取号:D925.1/66] 在馆    
2 0149872   001254984   密集书库/ [索取号:D925.1/66] 在馆    
3 0149873   001255000   第一样本阅览室/ [索取号:D925.1/66] 在馆    
4 0440697   204406972   密集书库/ [索取号:D925.1/66] 在馆    
5 0440709   204407098   密集书库/ [索取号:D925.1/66] 在馆    
6 0441096   204410967   密集书库/ [索取号:D925.1/66] 在馆    
唐山师范学院图书馆 欢迎您!
大连网信软件有限公司© 版权所有